Регионална библиотека "Любен Каравелов" - Русе

Гърция (Запис номер 108695)

MARC детайли
000 -Лидер
Контролно поле с фиксирана дължина 02101nam a2200385 c 4500
003 - Код на организацията, давaща контролен номер
Контролно поле BLK
005 - Дата и час на последна редакция
Контролно поле 20240622130748.0
008 - Елементи от данни с фиксирана дължина
fixed length control field 180409b bul|||||r ||||||| ||bul||
010 ## - Наследен системен номер
LC control number KNG00114004000
020 ## - Международен стандартен номер на книга ISBN
Международен стандартен номер на книга ISBN 954-761-137-2
-- издат.: ИнфоДар
040 ## - Източник на каталожния запис
Идентификатор на билиотеката - собственик на записа BLK
041 ## - Код за език
Код за езика на текст/звукозапис или на отделно заглавие Български
Код за езика КДБФ Български
080 ## - УДК
Текстов определител УДК Социография. Социално положение. Условия на политическия и социалния живот. Социално и социално-икономическо положение на отделните страни, народи, раси. Социална география. (Общи въпроси)
УДК код - определител по УДК 308
УДК определител (495)(036)
УДК - код + определител 308(495)(036)
080 ## - УДК
Текстов определител УДК Забавно пътуване. Туризъм - пътуване пеша, с кола, колело, автобус, влак, параход, самолет, изкачване на планина, ездене и др. п.
УДК код - определител по УДК 379.85
УДК определител (495)(036)
УДК - код + определител 379.85(495)(036)
100 1# - Редна дума - Автор
Автор Богданос, Тула
Авторска отговорност първи автор
R(LIN) 40133
139 ## - Редно поле
Редна дума Гърция
Авторски знак Гън - Г 97
245 10 - Сведения за заглавието
Заглавие Гърция
Подзаглавни данни Fodor's пътеводител : Полезни съвети за посетители от А до Я
Редно поле (дума) Тула Богданос; прев. Мария Бенчева.
257 ## - Страна на издаване
Страна на създаване/издаване Съединени американски щати
260 ## - Област на издателските данни
-- София
Име на издателя, разпространителя и проч. ИнфоДар
Година на издаване 2004
300 ## - Физическа характеристика
Страници 708 с.
Илюстрации и др. с к.
Размери/Мащаб 22 см
380 ## - Жанр
Жанр Обществени науки
500 ## - Общи забележки
Забележка Прев. по Fodor's Greece. - Съдържа и Българо-гръцки разговорник ; За нашите автори / Карън Кюър ; Преобразуване на мерките
650 #4 - Допълнително описание по предмет – тема
Основно описание – тема или топоним Пътеводители
9 (RLIN) 168579
650 #4 - Допълнително описание по предмет – тема
Основно описание – тема или топоним Гърция - пътеводители
9 (RLIN) 300110
653 ## - Ключова дума – ненормативна
Ключова дума пътеводители
653 ## - Ключова дума – ненормативна
Ключова дума туризъм
653 ## - Ключова дума – ненормативна
Ключова дума Гърция
700 1# - Други автори (авторска отговорност)
Лично име Бенчева, Мария
Автороска отговорност (Описва отношението между автора и произведението) прев.
9 (RLIN) 375569
852 ## - Местоположение
Форматна сигнатура Цб 220265
856 4# - Електронен адрес и достъп
Електронен формат pdf - файл
Път до файла /url/
856 4# - Електронен адрес и достъп
Електронен формат pdf - файл
Път до файла /url/
942 ## - АРТИКУЛИ
Вид на библиотечния материал Книги
Скрит в OPAC Не
Koha issues (borrowed), all copies 1
944 ## - СЪЗДАВАНЕ И РЕДАКЦИЯ на ЗАПИСА
Създаване/Редакция Създаване
Дата на регистрацията/редакция 08.07.2004
Служител, извършил регистрацията/редакцията 30530
Статус, дата на статуса Минев Младен
944 ## - СЪЗДАВАНЕ И РЕДАКЦИЯ на ЗАПИСА
Създаване/Редакция Редакция
Дата на регистрацията/редакция 02.04.2007
Служител, извършил регистрацията/редакцията
999 ## - СИСТЕМНИ КОНТРОЛНИ НОМЕРА
Koha biblionumber 108695
Koha biblioitemnumber 108695
Наличности
Код за отписване Код за изгубен артикул Код за повреда Коз за рестрикции Код за отдаване Артикулен № Име на библиотеката - собственик Име на библиотеката, в която се намира в момента Статус (Текущо местоположение) Дата на вписване в системата Местоположение - отдел Цена в лева Инвентарен номер Систематично азбучна сигнатура Баркод Номер на екземпляра Цена в евро Служебна бележка Служебен тип на артикула
  Не е изгубен Не е повреден без рестрикции ползва се в читалня 175190 Регионална библиотека "Любен Каравелов" Русе Регионална библиотека "Любен Каравелов" Русе Читалня 2004-07-08 Читалня 18.99 120000686812 Ч 308(4)/Г 97 120000686812 1 9.71 Дост: Pk Вид: Ф N: 8878 Дата: 08.07.2004 Дата инв: 22.03.2017 Бележки инв: Ч2017 Книги
Изтеглен Не е изгубен Не е повреден без рестрикции заемане за дома 175191 Регионална библиотека "Любен Каравелов" Русе Регионална библиотека "Любен Каравелов" Русе Заемна - подръчен фонд 2004-09-17 Заемна - подръчен фонд 18.99 120000688536 П 308(4)/Г 97 120000688536 2 9.71 Дост: Pk Вид: Ф N: 8886 Дата: 07.09.2004 Дата инв: 02.02.2018 Бележки инв: П2018 Книги
Vip Innovations Ltd, Rousse, Bulgaria 2025